| 000 | 01370nam a2200373 a 4500 | ||
|---|---|---|---|
| 001 | 000107885 | ||
| 003 | CHAP | ||
| 005 | 20220329143947.0 | ||
| 008 | 131114s2011 mx a |r| ||||||spa d | ||
| 010 | _a104347 | ||
| 011 | _a105319 | ||
| 020 | _a9786077761204 | ||
| 040 | _cCHAP | ||
| 082 | 0 | 4 |
_a331.7972 _bG52 |
| 100 | 1 |
_aGirardo, Cristina _948125 |
|
| 245 | 1 | 0 |
_aAcciones y función de las organizaciones de la sociedad civil en los centros comunitarios de aprendizaje : _bsus aportes para la concertación de actores y la construcción de alianza / _cpor Cristina Girardo, Prudencio Mochi Alemán y Silvana Girardo. |
| 260 |
_aZinacantepec, Edo. de Méx : _bEl Colegio Mexiquense, _c2011. |
||
| 300 |
_a64 p. : _bil. |
||
| 490 | 1 |
_aAvances de investigación _v; 6 |
|
| 590 |
_aE11695DGD _b10 _c20131118 _lUCH01 _h0917 |
||
| 590 |
_aE5995AHE _b05 _c20131114 _lUCH01 _h1042 |
||
| 590 |
_aE5995AHE _b05 _c20131114 _lUCH01 _h1256 |
||
| 590 |
_aE5995AHE _b05 _c20131114 _lUCH01 _h1257 |
||
| 590 |
_aE5995AHE _b05 _c20131114 _lUCH01 _h1258 |
||
| 650 | 1 | 4 |
_aAyuda económica. _99033 |
| 650 | 1 | 4 |
_aInstituciones sociales. _958980 |
| 650 | 1 | 4 |
_aMéxico _xCondiciones sociales. _976730 |
| 700 | 1 |
_aGirardo, Silvana _9124624 |
|
| 700 | 1 |
_aMochi Alemán, Prudencio _9124617 |
|
| 830 | 0 |
_aAvances de investigación _v; 6 _98476 |
|
| 901 | _aBK | ||
| 942 | _cLIBRO | ||
| 942 | _n0 | ||
| 999 |
_c104347 _d104347 |
||